书目信息 |
| 题名: |
景观设计新教程
|
|
| 作者: | 刘抚英 , 王育林 , 张善峰 编著 | |
| 分册: | ||
| 出版信息: | 上海 同济大学出版社 2010.05 |
|
| 页数: | 218页 | |
| 开本: | 29cm | |
| 丛书名: | ||
| 单 册: | ||
| 中图分类: | TU986.2 | |
| 科图分类: | ||
| 主题词: | 景观--园林设计--高等学校--教材 | |
| 电子资源: | ||
| ISBN: | 978-7-5608-4268-4 | |
| 000 | 00879nam0 2200265 450 | |
| 001 | 000000001062 | |
| 005 | 20101008150726.29 | |
| 010 | @a978-7-5608-4268-4@dCNY32.00 | |
| 100 | @a20101129d2010 km y0chiy0120 ea | |
| 101 | 0 | @achi |
| 102 | @aCN@b310000 | |
| 105 | @aa a 000yy | |
| 200 | 1 | @a景观设计新教程@Ajing guan she ji xin jiao cheng@f刘抚英, 王育林, 张善峰编著 |
| 210 | @a上海@c同济大学出版社@d2010.05 | |
| 215 | @a218页@c图@d29cm | |
| 300 | @a高等院校教材 | |
| 320 | @a有书目 (第217-218页) | |
| 330 | @a本书结合了最新的景观建筑学发展动态和趋势,涵盖景观设计发展历史、基础理论、设计方法以及设计表达等各方面内容。 | |
| 606 | 0 | @a景观@x园林设计@x高等学校@x教材 |
| 690 | @aTU986.2@v4 | |
| 701 | 0 | @a刘抚英@Aliu fu ying@4编著 |
| 701 | 0 | @a王育林@Awang yu lin@4编著 |
| 701 | 0 | @a张善峰@Azhang shan feng@4编著 |
| 801 | 0 | @aCN@c20101129 |
| 905 | @dTU986.2@eL610 | |
| 景观设计新教程/刘抚英, 王育林, 张善峰编著.-上海:同济大学出版社,2010.05 |
| 218页:图;29cm |
| 高等院校教材 |
| ISBN 978-7-5608-4268-4:CNY32.00 |
| 本书结合了最新的景观建筑学发展动态和趋势,涵盖景观设计发展历史、基础理论、设计方法以及设计表达等各方面内容。 |
| ● |
| 相关链接 |
|
|
|
正题名:景观设计新教程
索取号:TU986.2/L610
 
预约/预借
| 序号 | 登录号 | 条形码 | 馆藏地/架位号 | 状态 | 备注 |
| 1 | 1032361 | 210323611 | 建筑库201/201建筑库 68排2列1层/ [索取号:TU986.2/L610] | 在馆 | |
| 2 | 1032362 | 210323620 | 建筑库201/201建筑库 68排2列1层/ [索取号:TU986.2/L610] | 在馆 | |
| 3 | 1032363 | 210323639 | 建筑库201/201建筑库 68排2列1层/ [索取号:TU986.2/L610] | 在馆 | |
| 4 | 1032364 | 210323648 | 建筑库201/201建筑库 68排2列1层/ [索取号:TU986.2/L610] | 在馆 | |
| 5 | 1032365 | 210323657 | 建筑库201/201建筑库 68排2列1层/ [索取号:TU986.2/L610] | 在馆 |